Asia Rivers Quiz (with map) - Statistics

General Stats
  • This quiz has been taken 2,055 times
  • The average score is 9 of 14
Answers on the Map
Answers color-coded by a green-red scale on the quiz's map according to % correct below.
 
Answer Stats
River % Correct
Yellow
92%
Ganges
86%
Yangtze
86%
Tigris
84%
Mekong
82%
Indus
80%
Euphrates
79%
Amur
60%
Brahmaputra
57%
Pearl
46%
Ural
41%
Irrawaddy
37%
Amu Darya
32%
Godavari
19%
No matching quizzes found
Score Distribution
Percent of People with Each Score
Percentile by Number Answered
Your Score History
You have not taken this quiz